[Event "Tournoi Skype 011A"]
[Site "Skype"]
[Date "????.??.??"]
[Round "2.7"]
[White "Le Brun, Yves"]
[Black "Rico Hernandez, Edgar"]
[Result "0-1"]
[WhiteElo "1633"]
[BlackElo "1887"]
[PlyCount "44"]

1. d4 Nf6 2. c4 e6 3. Nc3 Bb4 4. Qc2 c5 5. a3 Bxc3+ 6. Qxc3 cxd4 7. Qxd4 Nc6 8.
Qd1 O-O 9. Nf3 d5 10. e3 b6 11. Be2 Bb7 12. O-O Rc8 13. b3 Na5 14. cxd5 Bxd5
15. Nd4 Qe7 16. b4 Nc4 17. Bf3 Rfd8 18. Qe2 Ne4 19. Rd1 Nc3 20. Qe1 Bxf3 21.
gxf3 Nxd1 22. Qxd1 e5 0-1

[Event "Tournoi Skype 011A"]
[Site "Skype"]
[Date "????.??.??"]
[Round "2.8"]
[White "Plourde, Alain"]
[Black "De Leener, Luc"]
[Result "1-0"]
[WhiteElo "1868"]
[BlackElo "1632"]
[PlyCount "93"]

1. d4 g6 2. e4 Bg7 3. c4 c6 4. Nc3 d6 5. Be3 Nd7 6. Nf3 a6 7. Be2 e6 8. O-O Ne7
9. Qc2 O-O 10. Rfd1 d5 11. e5 Nf5 12. Bg5 f6 13. exf6 Nxf6 14. c5 Qe8 15. Bf4
Nd7 16. Qd2 Qf7 17. Ne5 Nxe5 18. Bxe5 Nh4 19. f3 Bxe5 20. dxe5 Qf5 21. Qh6 Qf4
22. Qxf4 Rxf4 23. g3 Nxf3+ 24. Kg2 Rf5 25. Bxf3 Rxe5 26. Re1 Rxe1 27. Rxe1 Bd7
28. Bg4 Re8 29. Rf1 Re7 30. h4 e5 31. Bxd7 Rxd7 32. Rf2 Kg7 33. Kf1 Rf7 34.
Rxf7+ Kxf7 35. Ke2 Ke6 36. b4 Kf5 37. Kf3 e4+ 38. Ke3 Ke5 39. Ne2 h5 40. Nd4
Kf6 41. Kf4 e3 42. Kxe3 Ke5 43. a4 Kf6 44. b5 cxb5 45. axb5 a5 46. c6 bxc6 47.
b6 1-0

[Event "Tournoi Skype 011A"]
[Site "Skype"]
[Date "????.??.??"]
[Round "2.9"]
[White "Meyer, Eric"]
[Black "Salazar Ticeran, Antonio"]
[Result "1-0"]
[WhiteElo "1628"]
[BlackElo "1846"]
[PlyCount "89"]

1. d4 Nf6 2. c4 g6 3. Nc3 Bg7 4. e4 d6 5. Nf3 O-O 6. Be2 Nc6 7. d5 Nb8 8. h3 e6
9. O-O exd5 10. cxd5 Re8 11. Bd3 Nbd7 12. Re1 Nc5 13. Bc2 a5 14. Bf4 b6 15. Rb1
Ba6 16. Qd2 Re7 17. Nd4 Bb7 18. b3 Qf8 19. a3 Rae8 20. f3 Nh5 21. Bh2 f5 22. b4
axb4 23. axb4 Nd7 24. Ne6 Rxe6 25. dxe6 Ne5 26. Bb3 Kh8 27. Qe2 f4 28. Red1 g5
29. b5 Nf6 30. Nd5 Bxd5 31. exd5 h5 32. Re1 h4 33. Qd1 Kh7 34. Qc2+ Kh6 35.
Qxc7 Rc8 36. Qxb6 Nh5 37. Qa6 Ra8 38. e7 Qb8 39. e8=Q Qxe8 40. Qxd6+ Bf6 41. b6
Rd8 42. Qe6 Qxe6 43. dxe6 Nd3 44. Red1 Bd4+ 45. Kf1 1-0

[Event "Tournoi Skype 011A"]
[Site "Skype"]
[Date "????.??.??"]
[Round "2.10"]
[White "Jacquelin, Norbert"]
[Black "Rajpurohit, Dinesh"]
[Result "1-0"]
[WhiteElo "1807"]
[BlackElo "1627"]
[PlyCount "45"]

1. e4 e5 2. f4 Nc6 3. Nf3 exf4 4. d4 d5 5. e5 Nge7 6. Bxf4 Ng6 7. Bg3 Be7 8. h4
h5 9. Nc3 Bg4 10. Bb5 Bxf3 11. Qxf3 Bb4 12. Bxc6+ bxc6 13. O-O-O Rb8 14. Rdf1
O-O 15. Ne2 Qe7 16. a3 Ba5 17. Qxh5 c5 18. Qf3 c6 19. h5 Qb7 20. b3 Ne7 21. h6
Ng6 22. hxg7 Kxg7 23. Nf4 1-0

[Event "Tournoi Skype 011A"]
[Site "Skype"]
[Date "????.??.??"]
[Round "2.11"]
[White "Dubois, Real"]
[Black "Brun, Jacques"]
[Result "0-1"]
[WhiteElo "1519"]
[BlackElo "1699"]
[PlyCount "88"]

1. d4 g6 2. c3 Bg7 3. Nf3 d5 4. Bf4 Nc6 5. e3 a6 6. Bd3 Nf6 7. Qc2 O-O 8. O-O
Re8 9. Ne5 Nd7 10. Nxc6 bxc6 11. e4 e5 12. exd5 exf4 13. dxc6 Nb6 14. Nd2 Qd6
15. Nf3 f5 16. a4 Qxc6 17. a5 Nc4 18. b3 Nd6 19. b4 Nb5 20. Bxb5 Qxb5 21. Rfe1
Bb7 22. Ne5 Bxe5 23. dxe5 Rxe5 24. Rxe5 Qxe5 25. Qb3+ Qd5 26. Qxd5+ Bxd5 27.
Re1 Kf7 28. Re5 Re8 29. Rxe8 Kxe8 30. g3 fxg3 31. fxg3 Bc4 32. Kf2 Ke7 33. Ke3
Ke6 34. Kd4 Bd5 35. c4 Bc6 36. Kc5 Kd7 37. Kd4 Kd6 38. c5+ Ke6 39. h3 g5 40.
Ke3 Ke5 41. h4 f4+ 42. gxf4+ gxf4+ 43. Kd3 f3 44. Ke3 h5 0-1

[Event "Tournoi Skype 011A"]
[Site "Skype"]
[Date "????.??.??"]
[Round "2.13"]
[White "Legueltel, Daniel"]
[Black "Belouin, Bruno"]
[Result "1-0"]
[WhiteElo "1680"]
[BlackElo "1484"]
[PlyCount "85"]

1. d4 e6 2. e4 Nc6 3. Nf3 Be7 4. Bd3 Nb4 5. O-O Nxd3 6. Qxd3 b6 7. Nc3 a5 8.
Bf4 Ba6 9. Nb5 d6 10. c4 c6 11. Nc3 d5 12. exd5 cxd5 13. Nb5 Rc8 14. b3 Nf6 15.
a4 Ne4 16. cxd5 exd5 17. Rac1 Rxc1 18. Rxc1 O-O 19. Bc7 Qc8 20. Qc2 Qb7 21. Qc6
Qc8 22. Qxd5 Bb7 23. Qc4 Ng5 24. Nxg5 Bxg5 25. Rc3 Re8 26. Qf1 Qd7 27. Be5 Rc8
28. Rxc8+ Qxc8 29. Nd6 Qa8 30. Nxb7 Qxb7 31. Qb5 h6 32. h3 Bd2 33. d5 Qc8 34.
Qc6 Qf5 35. Qe8+ Kh7 36. d6 Qb1+ 37. Kh2 f6 38. Bg3 f5 39. d7 Bg5 40. d8=Q Bxd8
41. Qxd8 Qxb3 42. Qe7 Qxa4 43. Be5 1-0

[Event "Tournoi Skype 011A"]
[Site "Skype"]
[Date "????.??.??"]
[Round "2.14"]
[White "Murgia, Stefano"]
[Black "De, Deeptyajeet"]
[Result "1-0"]
[WhiteElo "1718"]
[BlackElo "1504"]
[PlyCount "83"]

1. e4 d5 2. exd5 Qxd5 3. Nc3 Qe5+ 4. Be2 c6 5. Nf3 Qc7 6. O-O Bf5 7. d3 Nf6 8.
Nh4 Bg6 9. Be3 e6 10. Qd2 Nbd7 11. f4 Bc5 12. d4 Bd6 13. g3 Bh5 14. Bxh5 Nxh5
15. Ne4 Nhf6 16. Nxd6+ Qxd6 17. f5 exf5 18. Bf4 Qe6 19. Rae1 Ne4 20. Qd3 O-O
21. Nxf5 Qxf5 22. Rxe4 Nf6 23. Re3 Qxd3 24. Rxd3 Rfe8 25. Be5 Nd5 26. c4 Nb4
27. Rb3 Nxa2 28. Rxb7 f6 29. Bd6 a5 30. Ra1 Nb4 31. Bxb4 axb4 32. Rxa8 Rxa8 33.
Rxb4 Rd8 34. Rb6 Rxd4 35. Rxc6 Kf7 36. b4 Rd1+ 37. Kf2 Rd2+ 38. Kf3 Rxh2 39. b5
Rb2 40. b6 Ke8 41. c5 Kd7 42. Rc7+ 1-0

[Event "Tournoi Skype 011A"]
[Site "Skype"]
[Date "????.??.??"]
[Round "2.15"]
[White "Kumar Pradhan, Soundarya"]
[Black "De, Yudhajeet"]
[Result "1-0"]
[WhiteElo "1641"]
[BlackElo "1613"]
[PlyCount "137"]

1. d4 Nf6 2. Nf3 g6 3. c4 Bg7 4. Nc3 d6 5. e4 O-O 6. Be3 e5 7. d5 a5 8. c5 Na6
9. cxd6 cxd6 10. Na4 Nxe4 11. Nb6 Rb8 12. Bxa6 bxa6 13. Qc2 Bf5 14. Qc6 Nf6 15.
Nd2 Ng4 16. Ndc4 Nxe3 17. fxe3 Bd3 18. Rd1 Bxc4 19. Nxc4 Rc8 20. Qxa6 Qh4+ 21.
g3 Qxc4 22. Qxd6 Qe4 23. O-O Qxe3+ 24. Kh1 Qe4+ 25. Kg1 Rc2 26. Rf2 Qe3 27.
Rdf1 e4 28. Kg2 Rxf2+ 29. Rxf2 Bd4 30. Rf4 Qd2+ 31. Kh3 e3 32. Qe7 Bg7 33. d6
Qd5 34. d7 Qe6+ 35. Qxe6 fxe6 36. Rxf8+ Bxf8 37. d8=Q e2 38. Qd2 e1=Q 39. Qxe1
Kf7 40. Qxa5 Bg7 41. b4 e5 42. Qc7+ Kf8 43. Qxg7+ Kxg7 44. b5 Kf7 45. b6 Ke6
46. b7 Kd7 47. b8=Q Ke6 48. a4 Kd5 49. a5 e4 50. Qb7+ Kd4 51. Qxe4+ Kxe4 52. a6
Kd5 53. a7 Kc5 54. a8=Q Kd4 55. Qg8 Ke5 56. Qxh7 Kf6 57. Kg4 Ke5 58. Qxg6 Kd4
59. Qe6 Kd3 60. Kf3 Kd4 61. Qd6+ Kc4 62. Ke4 Kc3 63. Qd4+ Kc2 64. Qe3 Kb2 65.
Kd4 Kc2 66. Qc3+ Kb1 67. Qd2 Ka1 68. Kc3 Kb1 69. Qb2# 1-0

[Event "Tournoi Skype 011A"]
[Site "Skype"]
[Date "????.??.??"]
[Round "2.16"]
[White "Janssen, Gerard"]
[Black "Grib, Johannes"]
[Result "1-0"]
[WhiteElo "1621"]
[BlackElo "1499"]
[PlyCount "59"]

1. d4 Nf6 2. c4 d5 3. Nc3 c6 4. e3 Bf5 5. Qb3 Qc7 6. Nf3 Nbd7 7. Be2 a6 8. cxd5
Nxd5 9. Nxd5 cxd5 10. Qxd5 e6 11. Qc4 Qb6 12. O-O Qd8 13. Qa4 Rc8 14. Ne5 Bc2
15. b3 Ra8 16. Bd2 b5 17. Qa5 Nb6 18. Bf3 Nd5 19. e4 Nf4 20. Qxd8+ Rxd8 21.
Bxf4 Rxd4 22. Nc6 Rd7 23. Rfc1 Bd3 24. Ne5 Ba3 25. Rc8+ Rd8 26. Rxd8+ Kxd8 27.
Nxd3 Ke7 28. e5 f6 29. g4 g5 30. exf6+ 1-0

[Event "Tournoi Skype 011A"]
[Site "Skype"]
[Date "????.??.??"]
[Round "2.17"]
[White "Holtz, Steve"]
[Black "Bourdeau, Yvan"]
[Result "0-1"]
[WhiteElo "1499"]
[BlackElo "1620"]
[PlyCount "44"]

1. e4 c5 2. Nf3 d6 3. Nc3 Nc6 4. b3 e6 5. Bb2 Nf6 6. Bb5 Bd7 7. Bxc6 Bxc6 8. d3
Be7 9. Qe2 O-O 10. O-O-O d5 11. d4 dxe4 12. dxc5 Qc7 13. Nd2 Bxc5 14. Ncxe4
Nxe4 15. Qg4 f5 16. Qe2 Nxf2 17. Qxe6+ Qf7 18. Qe5 Nxd1 19. Qxc5 Nxb2 20. Kxb2
Rad8 21. Nc4 Qf6+ 22. Kb1 Rd4 0-1

[Event "Tournoi Skype 011A"]
[Site "Skype"]
[Date "????.??.??"]
[Round "2.18"]
[White "Soppelsa, Maurizio"]
[Black "Kruzeniski, Randy"]
[Result "1-0"]
[WhiteElo "1617"]
[BlackElo "1499"]
[PlyCount "49"]

1. Nf3 Nf6 2. d4 d5 3. c4 c6 4. Nc3 Nbd7 5. e3 e6 6. Bd3 Bd6 7. O-O O-O 8. Qc2
g6 9. e4 dxe4 10. Nxe4 Nxe4 11. Bxe4 f5 12. Bd3 b6 13. Re1 Re8 14. Bg5 Be7 15.
Rxe6 Bxg5 16. Rxe8+ Qxe8 17. Nxg5 Qe7 18. Nf3 Bb7 19. Re1 Qd6 20. c5 bxc5 21.
dxc5 Nxc5 22. Bc4+ Kf8 23. Qc3 Ne6 24. Bxe6 Re8 25. Qf6# 1-0

[Event "Tournoi Skype 011A"]
[Site "Skype"]
[Date "????.??.??"]
[Round "2.19"]
[White "Trivedi, Viral"]
[Black "Galani, Mahendra"]
[Result "0-1"]
[WhiteElo "1606"]
[BlackElo "1491"]
[PlyCount "28"]

1. e4 e5 2. Bc4 Qf6 3. Nc3 c6 4. d3 Bb4 5. Nf3 d6 6. Bg5 Qg6 7. Qd2 h6 8. Be3
Qxg2 9. Rg1 Qxf3 10. Rd1 Be6 11. a3 Bxc3 12. Qxc3 Bg4 13. Rd2 Ne7 14. Rg3 Qh1+
0-1

[Event "Tournoi Skype 011A"]
[Site "Skype"]
[Date "????.??.??"]
[Round "2.20"]
[White "L'Herbon De Lussats, Jean"]
[Black "Delemarre, Georges"]
[Result "1-0"]
[WhiteElo "1486"]
[BlackElo "1590"]
[PlyCount "99"]

1. c4 Nf6 2. Nc3 g6 3. d4 Bg7 4. e4 d6 5. Nf3 O-O 6. Be2 Bg4 7. Ng5 Bxe2 8.
Qxe2 e5 9. d5 Nbd7 10. Be3 b6 11. g4 h6 12. Nh3 g5 13. O-O-O Nc5 14. f3 Qd7 15.
Ng1 a6 16. h4 Nh7 17. Qd2 f6 18. Nge2 Kf7 19. Ng3 Kg8 20. Nf5 Rab8 21. hxg5
hxg5 22. Qh2 Rf7 23. Qxh7+ Kf8 24. Nxg7 Rxg7 25. Qh8+ Rg8 26. Qxf6+ Qf7 27.
Qxf7+ Kxf7 28. Rh7+ Rg7 29. Rxg7+ Kxg7 30. Bxg5 Rf8 31. Rf1 Kg6 32. Be3 Nd7 33.
f4 exf4 34. Rxf4 Rh8 35. b3 Rh3 36. Kd2 Ne5 37. Ke2 Rh2+ 38. Rf2 Rh3 39. Bd2
Nxg4 40. Rg2 Kh5 41. Nd1 Ne5 42. Nf2 Rf3 43. Rg5+ Kh4 44. Rg4+ Kh5 45. Rg5+ Kh4
46. Rxe5 Rxf2+ 47. Kxf2 dxe5 48. Kf3 Kh5 49. Bc3 Kg6 50. Bxe5 1-0

[Event "Tournoi Skype 011A"]
[Site "Skype"]
[Date "????.??.??"]
[Round "2.21"]
[White "Fouquereau, Andre"]
[Black "Antonic, Nenad"]
[Result "1-0"]
[WhiteElo "1589"]
[BlackElo "1449"]
[PlyCount "21"]

1. e4 Nf6 2. e5 Nd5 3. Bc4 Nb6 4. Bb3 e6 5. d4 d5 6. Nf3 Be7 7. O-O O-O 8. c3
Nc4 9. Qd3 b5 10. Bc2 Ba6 11. Qxh7# 1-0

[Event "Tournoi Skype 011A"]
[Site "Skype"]
[Date "????.??.??"]
[Round "2.22"]
[White "Saidi, Bhen"]
[Black "Malbec, Robert"]
[Result "1-0"]
[WhiteElo "1433"]
[BlackElo "1547"]
[PlyCount "81"]

1. e4 c6 2. d4 d5 3. e5 Bf5 4. Bd3 Qd7 5. Nf3 Bg4 6. O-O e6 7. Be2 c5 8. Nc3 a6
9. Be3 b6 10. h3 Bxf3 11. Bxf3 Nc6 12. Ne2 cxd4 13. Bxd4 Qc7 14. Re1 Nge7 15.
c3 Ng6 16. g3 Ncxe5 17. Bg2 Be7 18. Nf4 Bf6 19. Nxg6 fxg6 20. f4 Nc6 21. Bxf6
gxf6 22. Rxe6+ Kf7 23. Bxd5 Ne7 24. Rc6+ Nxd5 25. Rxc7+ Ke6 26. Rc6+ Kf7 27.
Qxd5+ Kg7 28. Rc7+ Kh6 29. Qf7 Raf8 30. Qg7+ Kh5 31. g4+ Kh4 32. Qh6+ Kg3 33.
Rf1 f5 34. Rxh7 Rxh7 35. Qxh7 Re8 36. Qxg6 Re2 37. gxf5+ Kxh3 38. Rf2 Re1+ 39.
Rf1 Re2 40. Rf3+ Kh4 41. Qg5# 1-0

[Event "Tournoi Skype 011A"]
[Site "Skype"]
[Date "????.??.??"]
[Round "2.23"]
[White "Meaney, Mike"]
[Black "Khatanhar, Mohit"]
[Result "1/2-1/2"]
[WhiteElo "1537"]
[BlackElo "1421"]
[PlyCount "107"]

1. e4 e5 2. Nf3 d6 3. Bc4 Qe7 4. d3 Be6 5. Bxe6 Qxe6 6. Nc3 Be7 7. Nd5 Nf6 8.
Nxc7+ Kf8 9. Nxe6+ fxe6 10. Bg5 Nbd7 11. O-O Kf7 12. Re1 Rhf8 13. d4 exd4 14.
Nxd4 e5 15. Nb5 Kg8 16. Nxd6 h6 17. Bxf6 Rxf6 18. Nb5 Rd8 19. Nc7 Rdf8 20. Nd5
R6f7 21. Nxe7+ Rxe7 22. Qd5+ Kh8 23. Rad1 Nf6 24. Qd6 Ref7 25. Qxe5 Ng4 26. Qg3
Nxf2 27. Rd2 Nh1 28. Rdd1 Nxg3 29. hxg3 Kh7 30. Rf1 Rxf1+ 31. Rxf1 Rxf1+ 32.
Kxf1 Kg8 33. Kf2 Kf7 34. Kf3 Kf6 35. Kf4 g5+ 36. Kg4 Kg6 37. c4 b6 38. b4 h5+
39. Kf3 Kf6 40. c5 Ke6 41. c6 Kd6 42. b5 a6 43. a4 axb5 44. axb5 Kc7 45. e5 Kd8
46. e6 h4 47. gxh4 gxh4 48. Ke4 h3 49. gxh3 Kc7 50. h4 Kd8 51. h5 Kc7 52. h6
Kc8 53. h7 Kc7 54. h8=Q 1/2-1/2

[Event "Tournoi Skype 011A"]
[Site "Skype"]
[Date "????.??.??"]
[Round "2.24"]
[White "Belouin, Alexis"]
[Black "Duthoit, Bernard"]
[Result "0-1"]
[WhiteElo "1415"]
[BlackElo "1535"]
[PlyCount "62"]

1. d4 e6 2. e4 d5 3. exd5 exd5 4. Nc3 Nf6 5. Be3 Bb4 6. Qd2 Ne4 7. Qd3 Bf5 8.
Qb5+ Nc6 9. Bd3 Nxc3 10. bxc3 Bxc3+ 11. Kd1 Bxd3 12. Qxd3 Bxa1 13. Nf3 Qf6 14.
Ke2 Bb2 15. Rb1 Bxd4 16. Bxd4 Nxd4+ 17. Nxd4 Qe5+ 18. Kf3 c5 19. Nf5 c4 20. Qe3
Qxe3+ 21. Nxe3 O-O 22. Nxd5 b6 23. a4 Rad8 24. Ke4 f5+ 25. Kd4 c3 26. Rb3 Rfe8
27. f3 Re2 28. Rxc3 Rd2+ 29. Rd3 Rxd3+ 30. cxd3 Kf7 31. Ke3 Rxd5 0-1

[Event "Tournoi Skype 011A"]
[Site "Skype"]
[Date "????.??.??"]
[Round "2.25"]
[White "De Coninck, Philippe"]
[Black "Hague, Mark"]
[Result "0-1"]
[WhiteElo "1525"]
[BlackElo "1400"]
[PlyCount "90"]

1. e4 c6 2. d4 d5 3. e5 Bf5 4. Nf3 e6 5. Be2 Nd7 6. O-O Ne7 7. Bd3 Bxd3 8. Qxd3
c5 9. c3 cxd4 10. cxd4 Nc6 11. Nc3 Be7 12. a3 a5 13. Bd2 O-O 14. Rac1 f6 15.
exf6 Rxf6 16. Rfe1 Qf8 17. Ng5 g6 18. Rxe6 Rxe6 19. Nxe6 Qf7 20. Re1 Nf8 21.
Nc7 Rd8 22. N7xd5 Rxd5 23. Nxd5 Qxd5 24. Rxe7 Nxe7 25. Bh6 Nf5 26. Be3 Ne6 27.
f3 Nexd4 28. Bxd4 Qxd4+ 29. Qxd4 Nxd4 30. Kf2 a4 31. g4 h6 32. Ke3 Nc6 33. h4
Kf7 34. Ke4 Ke6 35. f4 Na5 36. f5+ gxf5+ 37. gxf5+ Kf6 38. Kd4 Kxf5 39. Kc5 Kg4
40. Kb5 b6 41. Kxb6 Nc4+ 42. Kb5 Nxb2 43. Kb4 Kxh4 44. Kc3 Kg3 45. Kxb2 h5 0-1

[Event "Tournoi Skype 011A"]
[Site "Skype"]
[Date "????.??.??"]
[Round "2.26"]
[White "Loyarte, Frederic"]
[Black "Yeter, Orhan"]
[Result "1-0"]
[WhiteElo "1509"]
[BlackElo "1400"]
[PlyCount "51"]

1. d4 Nf6 2. c4 e6 3. Nc3 c6 4. e4 d6 5. Nf3 Nbd7 6. Bg5 Be7 7. e5 dxe5 8. Nxe5
Nxe5 9. dxe5 Nd7 10. Bxe7 Qxe7 11. Qd6 Qg5 12. Ne4 Qf4 13. Qd4 Nxe5 14. Nd6+
Kd7 15. Qxf4 Kxd6 16. Rd1+ Ke7 17. Qxe5 b6 18. Qg5+ f6 19. Qxg7+ Ke8 20. Qxh8+
Kf7 21. Qxh7+ Ke8 22. Qg6+ Ke7 23. Qg7+ Ke8 24. Qxf6 Bd7 25. Qh8+ Ke7 26. Qxa8
1-0

[Event "Tournoi Skype 011A"]
[Site "Skype"]
[Date "????.??.??"]
[Round "3.1"]
[White "Hervais, Adrien"]
[Black "Plourde, Alain"]
[Result "1/2-1/2"]
[WhiteElo "2097"]
[BlackElo "1868"]
[PlyCount "99"]

1. e4 e6 2. d4 d5 3. Nd2 Nf6 4. e5 Nfd7 5. Bd3 c5 6. c3 Nc6 7. Ne2 cxd4 8. cxd4
f6 9. exf6 Nxf6 10. Nf3 Bd6 11. O-O O-O 12. Bg5 h6 13. Bh4 Qb6 14. b3 Bd7 15.
Bg3 Bxg3 16. hxg3 Rac8 17. Re1 Rfe8 18. Nf4 Nb4 19. Bg6 Re7 20. Ne5 Be8 21. Bb1
Nc6 22. Nf3 Bf7 23. Bd3 Nb4 24. Qe2 Nxd3 25. Nxd3 Rec7 26. Nc5 Nd7 27. Nxd7
Rxd7 28. Ne5 Rdc7 29. Nxf7 Kxf7 30. Qh5+ Kg8 31. Qg4 Rc6 32. Re5 Rc1+ 33. Rxc1
Rxc1+ 34. Kh2 Rc6 35. Qg6 Qxd4 36. Rxe6 Rxe6 37. Qxe6+ Kh7 38. Qf5+ Kg8 39.
Qc8+ Kh7 40. Qxb7 Qxf2 41. Qxd5 Qxa2 42. Qe4+ Kh8 43. b4 Qf7 44. Qe5 Kg8 45. b5
Qf2 46. Qd5+ Kf8 47. Qd8+ Kf7 48. Qc7+ Kg6 49. Qd6+ Kh7 50. Qd3+ 1/2-1/2

[Event "Tournoi Skype 011A"]
[Site "Skype"]
[Date "????.??.??"]
[Round "3.2"]
[White "Mahapatra, Durgaprasad"]
[Black "Auger, Bertrand"]
[Result "1-0"]
[WhiteElo "1799"]
[BlackElo "2043"]
[PlyCount "63"]

1. d4 Nf6 2. c4 e6 3. g3 d5 4. Nf3 Be7 5. Bg2 O-O 6. O-O b6 7. Nc3 Bb7 8. b3
dxc4 9. bxc4 Ne4 10. Qd3 Nxc3 11. Qxc3 Bf6 12. Qc2 g6 13. Ba3 c5 14. dxc5 Bxa1
15. Rxa1 Qf6 16. Rc1 bxc5 17. Bxc5 Rd8 18. Ba3 Nd7 19. Bb2 Qe7 20. Qc3 f6 21.
Ba3 Qg7 22. Nd4 Bxg2 23. Nxe6 Qh6 24. Kxg2 Rdc8 25. Bd6 Rc6 26. c5 Rac8 27. Qb3
Kh8 28. Rd1 Ne5 29. Qb7 Nc4 30. Qf7 Nxd6 31. Qxf6+ Kg8 32. Rxd6 1-0

[Event "Tournoi Skype 011A"]
[Site "Skype"]
[Date "????.??.??"]
[Round "3.3"]
[White "Deville, Olivier"]
[Black "Jacquelin, Norbert"]
[Result "1-0"]
[WhiteElo "1919"]
[BlackElo "1807"]
[PlyCount "99"]

1. Nf3 Nf6 2. c4 e6 3. g3 d5 4. Bg2 Be7 5. O-O O-O 6. b3 c6 7. Bb2 Qb6 8. d3
Nbd7 9. Nbd2 a5 10. a3 Qc7 11. Rc1 Re8 12. Rc2 Qb8 13. Qa1 Bd6 14. d4 Nf8 15.
Re1 Ng6 16. e4 Nxe4 17. Nxe4 dxe4 18. Rxe4 e5 19. Re1 Bf5 20. Rd2 f6 21. dxe5
Nxe5 22. Nxe5 Bxe5 23. Bxe5 Rxe5 24. Rxe5 fxe5 25. c5 Qc7 26. Rd6 Re8 27. Qc3
Qf7 28. Bf1 Qc7 29. Bc4+ Kh8 30. Qf3 Bc8 31. Be6 Qe7 32. Bxc8 Rxc8 33. Qd3 Qg5
34. h4 Qe7 35. Rd7 Qf8 36. Qd6 Qe8 37. Qe7 Qg8 38. Rxb7 Rf8 39. Qxe5 Rd8 40.
Qe7 h6 41. Qf7 Qh7 42. Re7 Qb1+ 43. Kg2 Rg8 44. Re8 Rxe8 45. Qxe8+ Kh7 46. Qxc6
Qxb3 47. Qe4+ Kg8 48. c6 Qf7 49. Qd4 Qe7 50. Qc4+ 1-0

[Event "Tournoi Skype 011A"]
[Site "Skype"]
[Date "????.??.??"]
[Round "3.4"]
[White "Brun, Jacques"]
[Black "Lambert, Pierre"]
[Result "0-1"]
[WhiteElo "1699"]
[BlackElo "1891"]
[PlyCount "33"]

1. e4 c5 2. Nf3 Nc6 3. Be2 d6 4. c3 Nf6 5. d4 cxd4 6. cxd4 e6 7. Nc3 Be7 8. O-O
O-O 9. a3 a6 10. Re1 Bd7 11. Bg5 Rc8 12. Bd3 Qb6 13. e5 dxe5 14. dxe5 Ng4 15.
Bxe7 Nxf2 16. Na4 Nh3+ 17. Kh1 0-1

[Event "Tournoi Skype 011A"]
[Site "Skype"]
[Date "????.??.??"]
[Round "3.6"]
[White "Hilton, Stephen"]
[Black "Meyer, Eric"]
[Result "1/2-1/2"]
[WhiteElo "1897"]
[BlackElo "1628"]
[PlyCount "51"]

1. d4 Nf6 2. c4 g6 3. Nc3 d5 4. Nf3 c6 5. cxd5 cxd5 6. g3 Bg7 7. Bg2 O-O 8. O-O
Nc6 9. Ne5 e6 10. Bg5 Qb6 11. Nxc6 Qxc6 12. Rc1 Qe8 13. Qb3 Qe7 14. Nb5 Rd8 15.
Nc7 Rb8 16. Bf4 Ne4 17. Rfd1 Nd6 18. Qa3 a6 19. Qb3 Bd7 20. Qb6 Bf8 21. h4 h6
22. Bxd5 exd5 23. Nxd5 Qe6 24. Nc7 Qe7 25. Nd5 Qe6 26. Nc7 1/2-1/2

[Event "Tournoi Skype 011A"]
[Site "Skype"]
[Date "????.??.??"]
[Round "3.7"]
[White "Legueltel, Daniel"]
[Black "Chaignet, Lucas"]
[Result "0-1"]
[WhiteElo "1680"]
[BlackElo "1642"]
[PlyCount "104"]

1. d4 Nf6 2. c4 g6 3. Nf3 Bg7 4. Nc3 d6 5. e4 O-O 6. Bd3 c5 7. dxc5 dxc5 8. Be3
b6 9. Qe2 Bb7 10. O-O-O Nbd7 11. h4 h5 12. Ng5 Ne5 13. f4 Neg4 14. e5 Nxe3 15.
exf6 exf6 16. Qxe3 fxg5 17. Bxg6 Qf6 18. Bxh5 Qxf4 19. Qxf4 gxf4 20. Bf3 Bxf3
21. gxf3 Bxc3 22. bxc3 Rfe8 23. Rhg1+ Kf8 24. Rg4 Re3 25. Rxf4 Rxc3+ 26. Kb2
Re3 27. Rd7 Re7 28. Rxe7 Kxe7 29. Kc3 Ke6 30. h5 Rh8 31. Rh4 Kf5 32. Re4 Rxh5
33. Re7 Kg6 34. Rxa7 Rh3 35. Rb7 Rxf3+ 36. Kc2 Rf6 37. Kd3 Re6 38. a4 f5 39. a5
bxa5 40. Rb5 Re5 41. Rxa5 f4 42. Ra8 Kf5 43. Rc8 Kg4 44. Rg8+ Kf3 45. Rf8 Kg3
46. Rg8+ Kf2 47. Rh8 f3 48. Rg8 Kf1 49. Rf8 f2 50. Kd2 Rg5 51. Ke3 Rg2 52. Kf3
Kg1 0-1

[Event "Tournoi Skype 011A"]
[Site "Skype"]
[Date "????.??.??"]
[Round "3.8"]
[White "Bourdeau, Yvan"]
[Black "Catherine, Bertrand"]
[Result "0-1"]
[WhiteElo "1620"]
[BlackElo "1910"]
[PlyCount "76"]

1. e4 e5 2. Nf3 Nc6 3. d4 exd4 4. Nxd4 Nf6 5. Nc3 Bb4 6. Nxc6 bxc6 7. Bd3 O-O
8. O-O Re8 9. Re1 d5 10. exd5 cxd5 11. Bg5 Be6 12. Bd2 Be7 13. b3 c5 14. Bb5
Bd7 15. Bxd7 Qxd7 16. Bf4 Qf5 17. Bd2 Bd6 18. Qf3 Qxf3 19. gxf3 Be5 20. Rad1 h6
21. Ne2 Rad8 22. Bf4 Bxf4 23. Nxf4 Rxe1+ 24. Rxe1 Kf8 25. Re5 Re8 26. Rxe8+
Kxe8 27. Nd3 Nd7 28. Kf1 Ke7 29. Ke2 Kd6 30. c3 Ne5 31. Nxe5 Kxe5 32. Ke3 Kd6
33. Kd3 Kc6 34. a3 Kb5 35. c4+ dxc4+ 36. bxc4+ Ka4 37. Ke4 Kxa3 38. Kd5 Kb4 0-1

[Event "Tournoi Skype 011A"]
[Site "Skype"]
[Date "????.??.??"]
[Round "3.9"]
[White "Salazar Ticeran, Antonio"]
[Black "Soppelsa, Maurizio"]
[Result "1-0"]
[WhiteElo "1846"]
[BlackElo "1617"]
[PlyCount "49"]

1. e4 c6 2. d4 d5 3. exd5 cxd5 4. Bb5+ Nc6 5. Nf3 e6 6. Ne5 Bd7 7. Nxd7 Qxd7 8.
Be3 Nf6 9. O-O Bd6 10. Nd2 a6 11. Ba4 b5 12. Bb3 O-O 13. Bg5 Ne4 14. Nxe4 dxe4
15. c3 Ne7 16. Re1 Nd5 17. Rxe4 h6 18. Bd2 Nf6 19. Rh4 Qb7 20. Qc1 h5 21. Bg5
Ne4 22. Rxh5 g6 23. Rh3 Be7 24. Bxe7 Qxe7 25. Qh6 1-0

[Event "Tournoi Skype 011A"]
[Site "Skype"]
[Date "????.??.??"]
[Round "3.10"]
[White "Fouquereau, Andre"]
[Black "Murgia, Stefano"]
[Result "0-1"]
[WhiteElo "1589"]
[BlackElo "1718"]
[PlyCount "52"]

1. e4 e5 2. Nf3 Nc6 3. Bc4 Nf6 4. Nc3 Bc5 5. O-O d6 6. Ng5 O-O 7. Ne2 h6 8. Nf3
Nxe4 9. d4 exd4 10. Nfxd4 Ne5 11. Be3 Nxc4 12. Qd3 Nxe3 13. Qxe3 Re8 14. Qd3
Qf6 15. c3 Qg6 16. Ng3 Nxg3 17. Qxg6 fxg6 18. fxg3 Bg4 19. Kh1 Re7 20. h3 Bd7
21. Rae1 Rae8 22. Rxe7 Rxe7 23. Rf2 Re1+ 24. Kh2 Rd1 25. Rc2 Bxd4 26. cxd4 Bc6
0-1

[Event "Tournoi Skype 011A"]
[Site "Skype"]
[Date "????.??.??"]
[Round "3.11"]
[White "Duthoit, Bernard"]
[Black "Parmar, Manoj"]
[Result "0-1"]
[WhiteElo "1535"]
[BlackElo "1658"]
[PlyCount "72"]

1. e4 d5 2. exd5 Qxd5 3. Nc3 Qa5 4. Nf3 c6 5. d4 Bf5 6. Be3 e6 7. Bd3 Bxd3 8.
Qxd3 Nf6 9. O-O Be7 10. a3 O-O 11. Bd2 Qc7 12. Rfe1 Nbd7 13. Ne5 Rfd8 14. Nxd7
Rxd7 15. Be3 Rad8 16. Ne2 c5 17. c3 cxd4 18. cxd4 Ng4 19. Bf4 Bd6 20. Qg3 Bxf4
21. Nxf4 Nf6 22. Rac1 Qb6 23. Qc3 Rxd4 24. Ne2 Rd2 25. b4 R2d3 26. Qc2 Rd2 27.
Qc5 Qxc5 28. Rxc5 Rxe2 29. Kf1 Rxe1+ 30. Kxe1 Rb8 31. Rc7 Kf8 32. Kd2 Nd5 33.
Rc4 Ke7 34. Kd3 Kd6 35. f4 b5 36. g3 bxc4+ 0-1

[Event "Tournoi Skype 011A"]
[Site "Skype"]
[Date "????.??.??"]
[Round "3.12"]
[White "Casey, Eamonn"]
[Black "Dubois, Real"]
[Result "1-0"]
[WhiteElo "1656"]
[BlackElo "1519"]
[PlyCount "99"]

1. d4 d5 2. c4 e6 3. Nc3 Nc6 4. Nf3 Nf6 5. Bg5 h6 6. Bh4 Be7 7. e3 O-O 8. cxd5
Nxd5 9. Bxe7 Ndxe7 10. a3 a6 11. Bd3 Re8 12. O-O Nb8 13. Rc1 Nd7 14. b4 Nf8 15.
Ne5 c6 16. Qc2 Qc7 17. Rfe1 Nd5 18. Ne4 Qe7 19. Nc5 Nb6 20. a4 Nbd7 21. Ncxd7
Bxd7 22. Qb3 Kh8 23. b5 axb5 24. axb5 cxb5 25. Nxd7 Nxd7 26. Bxb5 Red8 27. Rc7
b6 28. Rec1 Qd6 29. Bxd7 Rxd7 30. Rxd7 Qxd7 31. Qxb6 Qd8 32. Qxd8+ Rxd8 33. Rc7
Kg8 34. Kf1 Kf8 35. Ke2 f5 36. Kf3 Re8 37. Kf4 Re7 38. Rxe7 Kxe7 39. Ke5 Kd7
40. d5 exd5 41. Kxf5 Ke7 42. Kg6 Kf8 43. Kf5 Kf7 44. Ke5 g5 45. Kxd5 Kf6 46. e4
Ke7 47. Ke5 Kf7 48. Kd6 Kf6 49. e5+ Kf7 50. Kd7 1-0